000 00556cam a2200193 a 4500
001 15366325
005 20240314021521.0
008 080715s2008 ce 000 0 eng
020 _a97895516870609
040 _aDLC
_cDLC
082 _222
_a323.4.
_bVOI.
245 0 0 _aVoices of silence :
_bcases before a court of the people /
_cedited by Kishanie S. Fernando.
260 _aPanadura :
_bJanasansadaya,
_c2008.
300 _a75 p. ;
650 0 _aVictims of crimes
650 0 _aSexual abuse victims
700 1 _aFernando, Kishanie S.
_eedt
942 _cL
999 _c571
_d571